| 000 | 01087nam a22002537a 4500 | ||
|---|---|---|---|
| 005 | 20170124102934.0 | ||
| 010 | _aB-184274 | ||
| 020 |
_c200.00 _a8188213357 |
||
| 035 | _aB-184274 | ||
| 037 | _bCen Lib/Ret | ||
| 040 |
_aDPL _bHN |
||
| 082 |
_a333.79 _bपाण्डेय |
||
| 100 |
_aपाण्डेय, पृथ्वीनाथ _944529 |
||
| 245 |
_aबढ़ते रहना नाम है ऊर्जा / _cपृथ्वीनाथ पाण्डेय |
||
| 246 |
_aBadhte rehna naam hai oorja / _bby Prithvinath Pandey |
||
| 260 |
_bलहर प्रकाशन _c2005 _aइलाहाबाद |
||
| 270 |
_a778, मुठ्ठीगंज _bइलाहाबाद |
||
| 300 |
_a184पृ. : _c21सेमी (सजिल्द) _bसचित्र |
||
| 650 |
_aसौर ऊर्जा -- विकास _946121 |
||
| 650 |
_aबायोगैस ऊर्जा _946122 |
||
| 650 |
_aSolar Energy - development _946123 |
||
| 650 |
_aBiogas energy _946124 |
||
| 942 |
_2ddc _cHN _h333.79 _mपाण्डेय |
||
| 999 |
_c112155 _d112155 |
||